000 00276nam a22001337a 4500
008 180216b xxu||||| |||| 00| 0 eng d
020 _a9780803620384
041 _aeng
080 _a615
100 _a5
101 _aSHF
245 _aEMS Notes
_cMyers, E
942 _2udc
_cBK
999 _c42723
_d42723